书目信息 |
| 题名: |
爱那么短遗忘那么长
|
|
| 作者: | 胡成瑶 , 熊芬兰 著 | |
| 分册: | ||
| 出版信息: | 西安 陕西人民出版社 2008.01 |
|
| 页数: | 239页 | |
| 开本: | 24cm | |
| 丛书名: | ||
| 单 册: | ||
| 中图分类: | K815.6 , K815.7 | |
| 科图分类: | ||
| 主题词: | 作家--zuo jia--生平事迹--西方国家 , 艺术家--yi shu jia--生平事迹--西方国家 | |
| 电子资源: | ||
| ISBN: | 978-7-224-08253-1 | |
| 000 | 01147nam0 2200289 450 | |
| 001 | 012009755086 | |
| 005 | 20090919174451.73 | |
| 010 | @a978-7-224-08253-1@dCNY22.80 | |
| 100 | @a20090919d2008 em y0chiy0120 ea | |
| 101 | 0 | @achi |
| 102 | @aCN@b610000 | |
| 105 | @aac z 000yd | |
| 106 | @ar | |
| 200 | 1 | @a爱那么短遗忘那么长@Aai na mo duan yi wang na mo chang@d= Es tan corto el amor, y es tan largo el olvido@e33位文学艺术家的才与情@f胡成瑶, 熊芬兰著@Fhu cheng yao,xiong fen lan zhu@zeng |
| 210 | @a西安@c陕西人民出版社@d2008.01 | |
| 215 | @a239页@c图, 肖像@d24cm | |
| 330 | @a本书介绍了西方国家诸多著名作家、艺术家的生平事迹,包括安徒生、艾米莉、雨果、海明威、雪莱、泰戈尔、叶芝等。 | |
| 510 | 1 | @aEs tan corto el amor, y es tan largo el olvido@zfre |
| 517 | 1 | @a33位文学艺术家的才与情@A33 wei wen xue yi shu jia de cai yu qing |
| 606 | 0 | @a作家@Azuo jia@x生平事迹@y西方国家 |
| 606 | 0 | @a艺术家@Ayi shu jia@x生平事迹@y西方国家 |
| 690 | @aK815.6@v4 | |
| 690 | @aK815.7@v4 | |
| 701 | 0 | @a胡成瑶@Ahu cheng yao@4著 |
| 701 | 0 | @a熊芬兰@Axiong fen lan@4著 |
| 801 | 0 | @aCN@bQSSK@c20090919 |
| 905 | @b757077-79@dK815.6@eH458@f3 | |
| 爱那么短遗忘那么长= Es tan corto el amor, y es tan largo el olvido:33位文学艺术家的才与情/胡成瑶, 熊芬兰著.-西安:陕西人民出版社,2008.01 |
| 239页:图, 肖像;24cm |
| ISBN 978-7-224-08253-1:CNY22.80 |
| 本书介绍了西方国家诸多著名作家、艺术家的生平事迹,包括安徒生、艾米莉、雨果、海明威、雪莱、泰戈尔、叶芝等。 |
| ● |
| 相关链接 |
|
|
|
正题名:爱那么短遗忘那么长
索取号:K815.6/H458
 
预约/预借
| 序号 | 登录号 | 条形码 | 馆藏地/架位号 | 状态 | 备注 |
| 1 | 757077 | 207570779 | 社科库309/309社科库 43排3列4层/ [索取号:K815.6/H458] | 在馆 | |
| 2 | 757078 | 207570788 | 社科库309/309社科库 43排3列4层/ [索取号:K815.6/H458] | 在馆 | |
| 3 | 757079 | 207570797 | 社科库309/309社科库 43排3列4层/ [索取号:K815.6/H458] | 在馆 |